| 000 | 00547nam a2200169 i 4500 | ||
|---|---|---|---|
| 001 | 34940 | ||
| 003 | ES-MaACL | ||
| 005 | 20230906155025.0 | ||
| 007 | t| | ||
| 008 | 030211s1943 ag ||||1| spa d | ||
| 100 | 1 |
_aBonorino Udaondo, Carlos. _930296 |
|
| 245 | 1 | 0 |
_aVolvulo del estómago _b: estudio clínico y radiológico / _cpor Carlos Bonorino Udaondo y Pedro A. Maissa. |
| 260 |
_aBuenos Aires : _bAniceto López, _c1943. |
||
| 300 |
_a176 p. : _bil. ; _c23 cm. |
||
| 700 | 1 |
_aMaissa, Pedro A. _975623 |
|
| 852 |
_aES-MaACL _jD-7629 _bR.27098 |
||
| 999 |
_c34940 _d34940 |
||